Core Java v. 2: Advanced features (Record no. 157348)

MARC details
000 -LEADER
fixed length control field 00401nam a2200157Ia 4500
008 - FIXED-LENGTH DATA ELEMENTS--GENERAL INFORMATION
fixed length control field 230917s9999||||xx |||||||||||||| ||und||
040 ## - CATALOGING SOURCE
-- 181618
Original cataloging agency VIVEKANANDA LIBRARY
041 ## - Language
-- English
082 ## - DDC NUMBER
Classification number 005.133 H78C(8)
100 ## - MAIN ENTRY--PERSONAL NAME
Personal name Horstmann, Cay S
245 #0 - TITLE STATEMENT
Title Core Java v. 2: Advanced features
250 ## - EDITION STATEMENT
Edition statement 8th ed.
260 ## - PUBLICATION, DISTRIBUTION, ETC. (IMPRINT)
Place of publication, distribution, etc New Delhi
Name of publisher, distributor, etc Pearson Education
Date of publication, distribution, etc 2011
300 ## - PHYSICAL DESCRIPTION
Pages xix, 1032 p.
942 ## - ADDED ENTRY ELEMENTS (KOHA)
Koha item type Books
Holdings
Withdrawn status Lost status Damaged status Not for loan Location (home branch) Sublocation or collection (holding branch) Shelving location Date acquired Koha issues (times borrowed) Koha full call number Accession No. Koha date last seen Koha item type
        VIVEKANANDA LIBRARY VIVEKANANDA LIBRARY UIET Library 22/03/2011   005.133 H78C(8) 286406 17/09/2023 Books
        VIVEKANANDA LIBRARY VIVEKANANDA LIBRARY UIET Library 22/03/2011   005.133 H78C(8) 286407 17/09/2023 Books
        VIVEKANANDA LIBRARY VIVEKANANDA LIBRARY UIET Library 22/03/2011 1 005.133 H78C(8) 286408 09/01/2024 Books
        VIVEKANANDA LIBRARY VIVEKANANDA LIBRARY UIET Library 22/03/2011   005.133 H78C(8) 286409 17/09/2023 Books
        VIVEKANANDA LIBRARY VIVEKANANDA LIBRARY UIET Library 22/03/2011   005.133 H78C(8) 286410 17/09/2023 Books
© Designed and Maintained by Vivekananda Library, MDU Rohtak